01010nam a2200253 i 450000100060000000300090000600500170001500700030003200800410003510000250007624501270010126000350022830000680026349000300033165000330036165100640039470000260045870000370048470000380052183000380055985200210059799900170061895201210063581623ES-MaACL20250812031812.0t|041105s1968 sp ||||1| spa d1 aHubert, Jean.96450013aLa Europa de las invasiones / cJean Hubert, Jean Porcher, Wolfgang F. Volbach ; traducción de Luis Hernández Alfonso. a[Madrid] : bAguilar, c[1968] aXIV, 394 p., 45 lám. : bil. col. y n., mapas col. ; c28 cm.1 aEl universo de las formas 7aArte medieval2embne9135618 4aRoma-xHistoria-yS. III-VI (Invasiones bárbaras)91467511 aPorcher, Jean.9931211 aVolbach, Wolfgang Fritz.91156871 aHernández Alfonso, Luis.9628741 aEl universo de las formas9181490 aES-MaACLjE-6962 c81623d81623 00104070aATENEOMbATENEOMcDEPO2d2008-01-17eSCl0oE-6962p1085318r2023-02-23 00:00:00w2023-02-23yMONOGRAFIA